| 000 | 00499nam a2200145Ia 4500 | ||
|---|---|---|---|
| 008 | 170221s9999 xx 000 0 und d | ||
| 100 | _aOksana V. Babich | ||
| 245 | _aRole of Accountability Management in Activity of Industrial Enterprises | ||
| 245 | _cOksana V. Babich, Lyudmila S. Mityuchenko | ||
| 260 | _bInternational Review of Management and Marketing | ||
| 260 | _c2016 | ||
| 300 | _a6 : 6S | ||
| 650 | _xMarketing. | ||
| 856 | _uhttp://www.econjournals.com/index.php/irmm/issue/view/86 | ||
| 999 |
_c308446 _d308446 |
||